Normal view
MARC view
Entry Personal Name
001 - CONTROL NUMBER
- control field: 60675
003 - CONTROL NUMBER IDENTIFIER
- control field: dpl
005 - DATE AND TIME OF LATEST TRANSACTION
- control field: 20240104165620.0
008 - FIXED-LENGTH DATA ELEMENTS
- fixed length control field: 240104|| aca||aabn | a|a d
040 ## - CATALOGING SOURCE
- Original cataloging agency: dpl
- Transcribing agency: dpl
100 ## - HEADING--PERSONAL NAME
- Personal name: Verma,K.S
670 ## - SOURCE DATA FOUND
- Source citation: Work cat.: (dpl)199566: Verma,K.S, JEE (Advanced) Organic Chemistry 3rd Edition/, 2023
